Which City in Connecticut? - Statistics

General Stats
  • This quiz has been taken 46 times
  • The average score is 11 of 16
Answer Stats
Description Letter City % Correct
Where Yale University is situated N New Haven
100%
Most populous city in Connecticut by city proper B Bridgeport
98%
Had an oak tree where Connecticut's royal charter was hidden in 1687 H Hartford
93%
Southernmost town, with a big hedge fund industry due to its proximity to New York City G Greenwich
88%
Its name is one letter away from the name of a university in Silicon Valley S Stamford
83%
Also the name of Connecticut's most populous county F Fairfield
80%
Was once the center of the American hat industry D Danbury
78%
Home to Fort Trumbull, which overlooks the harbor N New London
68%
Its SoNo neighborhood has the Maritime Aquarium N Norwalk
63%
Village within the town of Mansfield where the University of Connecticut is situated S Storrs
63%
City on the Naugatuck River that manufactured a huge amount of brass in the early 1900s W Waterbury
63%
Bradley International Airport is located here W {Windsor} Locks
59%
Village with the largest maritime museum in the U.S. M Mystic
54%
Largest city in Litchfield County, where radical abolitionist John Brown was born T Torrington
49%
Despite its name, it is the heart of Connecticut's Polish community N New Britain
46%
Meeting place of the Quinebaug, Shetucket, and Yantic rivers N Norwich
37%
No matching quizzes found
Score Distribution
Percent of People with Each Score
Percentile by Number Answered
Your Score History
You have not taken this quiz